La relación educativa: enfoque filosófico histórico del proceso de enseñar y de aprender
Guardat en:
| Autor principal: | |
|---|---|
| Format: | Llibre |
| Idioma: | espanyol |
| Publicat: |
Valparaíso
Universitarias de Valparaíso
1987
|
| Matèries: | |
| Etiquetes: |
Afegir etiqueta
Sense etiquetes, Sigues el primer a etiquetar aquest registre!
|
MARC
| LEADER | 00000nam a2200000 a 4500 | ||
|---|---|---|---|
| 001 | UCR7920 | ||
| 003 | CL-VaPUC | ||
| 008 | 980519e19870000CL |||||||||||||||||spa|d | ||
| 082 | 0 | 4 | |a 370.1 |b VAL |2 21 |
| 100 | 0 | |a Valenzuela Fuenzalida, Alvaro |e author |9 409464 | |
| 245 | 1 | 3 | |a La relación educativa: enfoque filosófico histórico del proceso de enseñar y de aprender |
| 300 | |a 158 p | ||
| 942 | |c BK | ||
| 945 | |d 19980519 00:00:00 |a crobeson | ||
| 260 | |a Valparaíso |b Universitarias de Valparaíso |c 1987 | ||
| 650 | 0 | |a Filosofía de la educación |9 258384 | |
| 650 | 0 | |a Educación |9 258661 | |
| 583 | |a last modification |c 19980519 00:00:00 |k Rodrigo Vera | ||
| 999 | |c 269496 |d 269494 | ||
| 952 | |0 0 |1 0 |4 0 |6 370_100000000000000_VAL_1987 |7 0 |8 A |9 303248 |a BIBGIM |b BIBGIM |d 2019-11-20 |i 2734257 |o 370.1 VAL 1987 |p 2734257 |r 2023-07-20 |w 2019-11-20 |y BK |k SSL | ||
| 952 | |0 0 |1 0 |4 0 |6 370_100000000000000_VAL_1987 |7 0 |8 A |9 303249 |a BIBGIM |b BIBGIM |d 2019-11-20 |i 2734249 |o 370.1 VAL 1987 |p 2734249 |r 2025-01-15 |w 2019-11-20 |y BK |k SSL | ||